Software project management : Readings and cases
This work represents definitive and late breaking research in the project management area. To further illustrate the ideas covered in the research articles, Kemerer applies them to real-world situations through the use of book-ending case studies.
Kaydedildi:
| Yazar: | |
|---|---|
| Materyal Türü: | Kitap |
| Dil: | Undetermined |
| Baskı/Yayın Bilgisi: |
Chicago
Irwin
1997
|
| Konular: | |
| Etiketler: |
Etiketle
Etiket eklenmemiş, İlk siz ekleyin!
|
| Thư viện lưu trữ: | Trung tâm Học liệu Trường Đại học Cần Thơ |
|---|
| LEADER | 00841nam a2200217Ia 4500 | ||
|---|---|---|---|
| 001 | CTU_232583 | ||
| 008 | 210402s9999 xx 000 0 und d | ||
| 082 | |a 005.1068 | ||
| 082 | |b K31 | ||
| 100 | |a Kemerer, Chris F. | ||
| 245 | 0 | |a Software project management : | |
| 245 | 0 | |b Readings and cases | |
| 245 | 0 | |c Chris F. Kemerer | |
| 260 | |a Chicago | ||
| 260 | |b Irwin | ||
| 260 | |c 1997 | ||
| 520 | |a This work represents definitive and late breaking research in the project management area. To further illustrate the ideas covered in the research articles, Kemerer applies them to real-world situations through the use of book-ending case studies. | ||
| 650 | |a Kỹ thuật phần mềm,Software engineering | ||
| 650 | |x Quản trị,Management | ||
| 910 | |b dqhieu | ||
| 980 | |a Trung tâm Học liệu Trường Đại học Cần Thơ | ||